000 00378nam a2200145Ia 4500
008 230711s9999||||xx |||||||||||||| ||und||
041 _aENG
082 _a5
_bRI-C
100 _aRitchie.Dennis M
245 4 _aThe C programming language
250 _a2nd Ed.
260 _c1990
_aNew Delhi
_bPrentice-Hall of India Private Limited
650 _aComputer Engineering
942 _cBK
999 _c1344
_d1344